LEADER 01329nam 2200397Ia 450 001 9910449807703321 005 20200520144314.0 010 $a9786610479634 035 $a(CKB)1000000000009044 035 $a(MiAaPQ)EBC3009163 035 $a(Au-PeEL)EBL3009163 035 $a(CaPaEBR)ebr10052727 035 $a(CaONFJC)MIL47963 035 $a(OCoLC)133163975 035 $a(EXLCZ)991000000000009044 100 $a20000815d2002 uy 0 101 0 $aeng 135 $aurcn||||||||| 200 04$aThe maturation of assessment in academic libraries$b[electronic resource] $ethe role of LibQUAL+ TM /$fguest editor, Colleen Cook 210 $aBradford, England $cEmerald Group Publishing$dc2002 215 $a79 p 225 0 $aPerformance measurement and metrics: the international journal for library and information sciences ;$vv.3, no. 2 311 $a0-86176-718-7 606 $aAcademic libraries$xEvaluation 606 $aLibrary use studies 608 $aElectronic books. 615 0$aAcademic libraries$xEvaluation. 615 0$aLibrary use studies. 701 $aCook$b Colleen$0914123 801 0$bMiAaPQ 801 1$bMiAaPQ 801 2$bMiAaPQ 906 $aBOOK 912 $a9910449807703321 996 $aThe maturation of assessment in academic libraries$92048076 997 $aUNINA